| 000 | 00769nam a2200193 a 4500 | ||
|---|---|---|---|
| 003 | 0 | ||
| 005 | 20250211090401.0 | ||
| 008 | 130128s19uu xx 00 eng d | ||
| 050 |
_aPHS HM 1206 _b.An581 2012 |
||
| 100 | _aAng, Joanna Paola D. | ||
| 245 |
_aThe relationship between text messaging and spelling accuracy between male and female / _cJoanna Paola D. Ang. |
||
| 260 |
_aLas PiƱas City, Philippines : _bSouthville International School and Colleges, _c2012. |
||
| 300 |
_a17 pages : _billustrations ; _c28 cm. |
||
| 504 | _aIncludes bibliographical references. | ||
| 650 |
_aText messaging (Cell phone systems) _xInfluence. |
||
| 650 |
_aEnglish language _xOrthography and spelling _xAnalysis. |
||
| 650 |
_aHigh school students _xAnalysis. |
||
| 942 |
_2lcc _cPASS |
||
| 999 |
_c98861 _d98861 |
||